=LDR 00000nam 2200000 4500 =001 INLIS000000000050465 =005 20170505082200 =035 ##$$a 0010-0517000118 =007 ta =008 170505###########################0###### =020 ##$$a 978-602-7595-03-3 =082 ##$$a 658 =084 ##$$a 658 MUK j =100 #$$a Mukri,Rusdiono =245 1#$$a Jurus Jitu Atasi Krisis : $b Pengalaman Mustafa Abubakar Memimpin Bulog /$c Mukri, Rusdiono =250 ##$$a Cet.1 =260 ##$$a Jakarta :$b Republika,$c 2012 =300 ##$$a xx, 516 hlm. : $b Ilus ; $c 20 cm. =650 ##$$a Bulog =990 ##$$a 78717871 =990 ##$$a 78717871 =990 ##$$a 31701045 =990 ##$$a 02201707871 =990 ##$$a 31701046 =990 ##$$a 31701045